| 000 | 00522nam a22001697a 4500 | ||
|---|---|---|---|
| 005 | 20251108165818.0 | ||
| 008 | 250721s9999 xx 000 0 ara d | ||
| 082 | 1 | 4 | _aط/923.1/عثم |
| 100 | 1 | _aدندشي، محمد محمود | |
| 245 | 1 | 0 | _aعثمان بن عفان / |
| 264 | 1 |
_aطرابلس ( لبنان ) : _bدار الشمال للطباعة و النشر و التوزيع، _c[19-]. |
|
| 300 | _a76ص | ||
| 490 | 0 | _aعظماء العرب | |
| 650 | 1 | 7 | _aالتراجم |
| 942 |
_2ddc _cBK |
||
| 999 |
_c31929 _d31929 |
||